Normal view
MARC view
Entry Corporate Name
001 - CONTROL NUMBER
- control field: 21466
003 - CONTROL NUMBER IDENTIFIER
- control field: AR-FvUNAJ
005 - DATE AND TIME OF LATEST TRANSACTION
- control field: 20250425104052.0
008 - FIXED-LENGTH DATA ELEMENTS
- fixed length control field: 250425|| aca||aabn | a|a d
040 ## - CATALOGING SOURCE
- Original cataloging agency: AR-FvUNAJ
110 2# - HEADING--CORPORATE NAME
- Corporate name or jurisdiction name as entry element: Hospital Nacional Posadas.
- Subordinate unit: Comité de Seguridad del Paciente